B-001 千代田区の町名 - Statistics

General Stats
  • This quiz has been taken 65 times
  • The average score is 26 of 59
Answers on the Map
Answers color-coded by a green-red scale on the quiz's map according to % correct below.
 
Answer Stats
Answer % Correct
丸の内
90%
千代田
84%
有楽町
80%
大手町
76%
永田町
76%
神田神保町
73%
外神田
69%
霞が関
65%
神田小川町
61%
神田駿河台
57%
内神田
57%
内幸町
55%
一番町
55%
二番町
55%
三番町
55%
四番町
55%
九段南
55%
九段北
55%
飯田橋
55%
神田淡路町
55%
神田岩本町
55%
五番町
51%
六番町
51%
日比谷公園
49%
紀尾井町
47%
岩本町
45%
神田練塀町
45%
麴町
41%
西神田
41%
神田佐久間町
41%
皇居外苑
39%
神田須田町
39%
北の丸公園
37%
神田猿楽町
37%
神田多町
37%
東神田
37%
神田鍛冶町
35%
富士見
33%
一ツ橋
33%
神田司町
33%
神田和泉町
33%
神田三崎町
31%
神田錦町
31%
神田美土代町
31%
神田紺屋町
31%
神田北乗物町
31%
神田佐久間河岸
31%
隼町
29%
平河町
29%
神田東松下町
29%
神田相生町
29%
神田東紺屋町
27%
鍛冶町
24%
神田富山町
24%
神田西福田町
24%
神田花岡町
24%
神田美倉町
22%
神田松永町
22%
神田平河町
20%
No matching quizzes found
Score Distribution
Percent of People with Each Score
Percentile by Number Answered
Your Score History
You have not taken this quiz